| 000 -LEADER |
| fixed length control field |
01508cam a2200301 a 4500 |
| 003 - CONTROL NUMBER IDENTIFIER |
| control field |
OSt |
| 005 - DATE AND TIME OF LATEST TRANSACTION |
| control field |
20200312065511.0 |
| 008 - FIXED-LENGTH DATA ELEMENTS--GENERAL INFORMATION |
| fixed length control field |
080506s2008 utua b 000 0 eng |
| 020 ## - INTERNATIONAL STANDARD BOOK NUMBER |
| International Standard Book Number |
9781423603894 (pbk.) |
| 040 ## - CATALOGING SOURCE |
| Original cataloging agency |
DLC |
| Transcribing agency |
DLC |
| Modifying agency |
DLC |
| 082 00 - DEWEY DECIMAL CLASSIFICATION NUMBER |
| Classification number |
644 |
| Edition number |
22 |
| Item number |
BON |
| 100 1# - MAIN ENTRY--PERSONAL NAME |
| Personal name |
Bonta, Dave. |
| 245 10 - TITLE STATEMENT |
| Title |
New green home solutions : |
| Remainder of title |
renewable household energy and sustainable living / |
| Statement of responsibility, etc |
Dave Bonta and Stephen Snyder. |
| 250 ## - EDITION STATEMENT |
| Edition statement |
1st ed. |
| 260 ## - PUBLICATION, DISTRIBUTION, ETC. (IMPRINT) |
| Place of publication, distribution, etc |
Layton, Utah : |
| Name of publisher, distributor, etc |
Gibbs Smith, |
| Date of publication, distribution, etc |
c2008. |
| 300 ## - PHYSICAL DESCRIPTION |
| Extent |
144 p. : |
| Other physical details |
col. ill. ; |
| Dimensions |
25 cm. |
| 504 ## - BIBLIOGRAPHY, ETC. NOTE |
| Bibliography, etc |
Includes bibliographical references (p. 141-143). |
| 505 0# - FORMATTED CONTENTS NOTE |
| Formatted contents note |
Introduction: A better life -- Energy conservation and efficiency -- Passive heating and cooling -- Solar electricity -- Solar hot water heating -- Solar space heating -- Wind power for the home -- Micro-hydro power -- Financing, incentives, rebates, and tax credits -- System design and installation. |
| 650 #0 - SUBJECT ADDED ENTRY--TOPICAL TERM |
| Topical term or geographic name as entry element |
Ecological houses. |
| 650 #0 - SUBJECT ADDED ENTRY--TOPICAL TERM |
| Topical term or geographic name as entry element |
Dwellings |
| General subdivision |
Energy conservation. |
| 650 #0 - SUBJECT ADDED ENTRY--TOPICAL TERM |
| Topical term or geographic name as entry element |
Sustainable living. |
| 700 1# - ADDED ENTRY--PERSONAL NAME |
| Personal name |
Snyder, Stephen, |
| Dates associated with a name |
1961- |
| 856 42 - ELECTRONIC LOCATION AND ACCESS |
| Materials specified |
Contributor biographical information |
| Uniform Resource Identifier |
<a href="http://www.loc.gov/catdir/enhancements/fy0834/2008020739-b.html">http://www.loc.gov/catdir/enhancements/fy0834/2008020739-b.html</a> |
| 856 42 - ELECTRONIC LOCATION AND ACCESS |
| Materials specified |
Publisher description |
| Uniform Resource Identifier |
<a href="http://www.loc.gov/catdir/enhancements/fy0834/2008020739-d.html">http://www.loc.gov/catdir/enhancements/fy0834/2008020739-d.html</a> |
| 856 41 - ELECTRONIC LOCATION AND ACCESS |
| Materials specified |
Sample text |
| Uniform Resource Identifier |
<a href="http://www.loc.gov/catdir/enhancements/fy0835/2008020739-s.html">http://www.loc.gov/catdir/enhancements/fy0835/2008020739-s.html</a> |
| 856 41 - ELECTRONIC LOCATION AND ACCESS |
| Materials specified |
Table of contents only |
| Uniform Resource Identifier |
<a href="http://www.loc.gov/catdir/enhancements/fy0835/2008020739-t.html">http://www.loc.gov/catdir/enhancements/fy0835/2008020739-t.html</a> |
| 942 ## - ADDED ENTRY ELEMENTS (KOHA) |
| Source of classification or shelving scheme |
|